Azərbaycanın Olimpiya çempionları - Statistics

General Stats
  • This quiz has been taken 10 times
  • The average score is 2 of 9
Answer Stats
Olimpiya Oyunları İdman növü İdmançı % Correct
2024 Yay Olimpiya Oyunları Cüdo Hidayət Heydərov
67%
2008 Yay Olimpiya Oyunları Cüdo Elnur Məmmədli
33%
2004 Yay Olimpiya Oyunları Güləş Fərid Mansurov
33%
2012 Yay Olimpiya Oyunları Güləş Toğrul Əsgərov
33%
2000 Yay Olimpiya Oyunları Güləş Namiq Abdullayev
0%
2016 Yay Olimpiya Oyunları Taekvondo Radik İsayev
0%
2012 Yay Olimpiya Oyunları Güləş Şərif Şərifov
0%
2024 Yay Olimpiya Oyunları Cüdo Zəlim Kotsoyev
0%
2000 Yay Olimpiya Oyunları Atıcılıq Zemfira Meftahətdinova
0%
No matching quizzes found
Score Distribution
Percent of People with Each Score
Percentile by Number Answered
Your Score History
You have not taken this quiz